Countries Visited by George H.W. Bush - Statistics

General Stats
  • This quiz has been taken 48 times
  • The average score is 29 of 36
Answers on the Map
Answers color-coded by a green-red scale on the quiz's map according to % correct below.
 
Answer Stats
Year(s) Answer % Correct
1989,1990,1991(2) Canada
97%
1989 China
97%
1989(2),1990,1991(2),1993 France
97%
1991,1993 Russia
97%
1991 Spain
97%
1992 Australia
94%
1990,1992 Brazil
94%
1989,1991 Italy
94%
1990 Mexico
94%
1989,1990(2),1991(2) United Kingdom
94%
1990 Argentina
92%
1990 Egypt
92%
1989,1990,1992 Germany
92%
1989,1992 Japan
92%
1989(2) Belgium
89%
1991 Ukraine
89%
1990 Colombia
86%
1991 Greece
86%
1990 Switzerland
86%
1991 Turkey
86%
1990 Chile
83%
1989,1991 Netherlands
83%
1989,1992 South Korea
83%
1989,1992 Poland
81%
1990,1992 Saudi Arabia
81%
1990,1992 Finland
72%
1992 Panama
69%
1990 Uruguay
67%
1990 Venezuela
67%
1990 Czech Republic
58%
1989 Costa Rica
50%
1992 Singapore
50%
1989 Hungary
47%
1989,1991 Vatican City
47%
1989 Malta
33%
1992 Somalia
31%
No matching quizzes found
Score Distribution
Percent of People with Each Score
Percentile by Number Answered
Your Score History
You have not taken this quiz